| 000 | 00572nam a2200193Ia 4500 | ||
|---|---|---|---|
| 005 | 20250326141210.0 | ||
| 008 | 250326s9999 xx 000 0 und d | ||
| 020 | _a0-471-59373-7 | ||
| 037 | _aTextbook | ||
| 040 |
_aFMSL _beng _cFMSL |
||
| 041 |
_aeng _2eng |
||
| 084 |
_aX65 N4 _qFMSL |
||
| 100 |
_aLederman J _9743923 |
||
| 245 | 0 |
_aGlobal asset allocation: Techniques for optimizing portfolio management _cLederman J; Klein A |
|
| 260 |
_aNew York _bNew York, Johan Wiley _c1994 |
||
| 300 | _a399p | ||
| 942 |
_cTB _hX65 N4 |
||
| 999 |
_c1289184 _d1289184 |
||